00620cam a22002171 450000100060000000300080000600500170001400800410003102000170007203500190008903500200010804000320012804100080016008200220016810000230019024500730021325000140028626000380030030000250033865000390036321928BD-RjUL20211209000739.0140306s1957 pk 000 0 eng  c : PRs . 6/4 a(BD-RjUL)21993 a(OCoLC)17893424 aDLCcWaUdDLCdBD-RjULbeng aeng04a342.547bRAI 19571 aRahman, Mukhlesur.13aAn introduction to the Constitution of Pakistan /cMukhlesur Rahman. a[1st ed.] aDacca :bBook Corporation,c1957. a130, 81 p. ;c23 cm. aPolitics and government.yPakistan